Synegistic effects of zinc oxide in intumescent flame retardant silicone rubber composites (Record no. 70113)

MARC details
000 -LEADER
fixed length control field 01101nam a2200193Ia 4500
100 ## - MAIN ENTRY--AUTHOR NAME
Personal name Jiao C
245 #0 - TITLE STATEMENT
Title Synegistic effects of zinc oxide in intumescent flame retardant silicone rubber composites
260 ## - PUBLICATION, DISTRIBUTION, ETC. (IMPRINT)
Name of publisher Plastics,Rubber and Composites
Year of publication 2013
300 ## - PHYSICAL DESCRIPTION
Number of Pages 374-378
520 ## - SUMMARY, ETC.
Summary, etc The synergistic effects of zinc oxide(ZnO) with intumescent flame retardant(IFR; based on phosphorus acid, melamine pentaerythritol) in silicone rubber(SR) composites have been studied using limiting oxygen index, UL-94, cone calorimeter test and digital photographs.The results showed that 2.0 wt-;loading ZnO in the flame retardant SR composites could greatly reduce the peak values of heat release rate and smoke production rate, and form a compact char layer on the surface of the sample. Thus, a suitable amount of ZnO plays a synergistic effect with IFR in flame retardant SR composites system.
650 ## - SUBJECT ADDED ENTRY--TOPICAL TERM
Topical Term Flame retardant
650 ## - SUBJECT ADDED ENTRY--TOPICAL TERM
Topical Term IFR
650 ## - SUBJECT ADDED ENTRY--TOPICAL TERM
Topical Term Silicone rubber
650 ## - SUBJECT ADDED ENTRY--TOPICAL TERM
Topical Term ZnO
700 ## - ADDED ENTRY--PERSONAL NAME
Personal name Chen X
700 ## - ADDED ENTRY--PERSONAL NAME
Personal name Zhuo J
942 ## - ADDED ENTRY ELEMENTS (KOHA)
Koha item type Journals
Holdings
Withdrawn status Lost status Damaged status Not for loan Home library Current library Date acquired Serial Enumeration / chronology Koha item type
      Journals RRII Library RRII Library 10/12/2014 Volume 42, Issue 9 Journals